| 000 | 01547cam a22003734a 4500 | ||
|---|---|---|---|
| 001 | 11855554 | ||
| 003 | OSt | ||
| 005 | 20160810111028.0 | ||
| 008 | 991206s2000 cau b 001 0 eng | ||
| 010 | _a 99050828 | ||
| 020 | _a0787947989 (alk. paper) | ||
| 040 |
_aDLC _cDLC _dDLC |
||
| 042 | _apcc | ||
| 043 | _an-us--- | ||
| 050 | 0 | 0 |
_aLB2331 _b.B48 2000 |
| 082 | 0 | 0 |
_a378.1/228 _221 |
| 100 | 1 | _aBess, James L. | |
| 245 | 1 | 0 |
_aTeaching alone, teaching together : _btransforming the structure of teams for teaching / _cJames L. Bess and associates. |
| 250 | _a1st ed. | ||
| 260 |
_aSan Francisco : _bJossey-Bass, _cc2000. |
||
| 300 |
_axxxiv, 258 p. ; _c24 cm. |
||
| 440 | 4 | _aThe Jossey-Bass higher and adult education series | |
| 504 | _aIncludes bibliographical references and indexes. | ||
| 650 | 0 |
_aCollege teaching _zUnited States. |
|
| 650 | 0 |
_aTeam learning approach in education _zUnited States. |
|
| 650 | 0 |
_aTeaching teams _zUnited States. |
|
| 650 | 0 |
_aGroup work in education _zUnited States. |
|
| 856 | 4 | 2 |
_3Contributor biographical information _uhttp://www.loc.gov/catdir/bios/wiley044/99050828.html |
| 856 | 4 | 2 |
_3Publisher description _uhttp://www.loc.gov/catdir/description/wiley037/99050828.html |
| 856 | 4 |
_3Table of Contents _uhttp://www.loc.gov/catdir/toc/onix06/99050828.html |
|
| 906 |
_a7 _bcbc _corignew _d1 _eecip _f19 |
||
| 942 |
_2lcc _cBOOKS |
||
| 999 |
_c13241 _d13241 |
||